[Event "Mondiale Lampo FIDE 2019"]
[Site "Mosca"]
[Date "29.12.2019"]
[Round "11.42"]
[White "Vastrukhin, Oleg"]
[Black "Bocharov, Dmitry"]
[Result "1-0"]
[WhiteTitle "IM"]
[BlackTitle "GM"]
[WhiteElo "2428"]
[BlackElo "2524"]
[WhiteFideId "4192770"]
[BlackFideId "4138716"]
[EventDate "2019.12.29"]

1. e4 c5 2. Nc3 Nc6 3. Nge2 d6 4. g3 g6 5. Bg2 Bg7 6. d3 e5 7. O-O Nge7 8. f4
O-O 9. Be3 Be6 10. a3 Qd7 11. Qd2 Nd4 12. Rae1 Rae8 13. Nd1 b6 14. c3 Nxe2+ 15.
Rxe2 exf4 16. Bxf4 d5 17. e5 d4 18. c4 Nf5 19. Nf2 Ne3 20. Bxe3 dxe3 21. Qxe3
Bf5 22. Qf4 Re7 23. Bd5 Be6 24. Bxe6 fxe6 25. Qe4 Ref7 26. Ree1 Rf5 27. Ng4 h5
28. Nf6+ Bxf6 29. exf6 R8xf6 30. Rxf5 exf5 31. Qe8+ Qxe8 32. Rxe8+ Kg7 33. Kf2
Rf7 34. b4 cxb4 35. axb4 g5 36. d4 f4 37. gxf4 Rxf4+ 38. Ke3 Rh4 39. c5 Kf7 40.
Ra8 bxc5 41. bxc5 Ke6 42. Rxa7 Rh3+ 43. Ke4 Rh4+ 44. Kd3 Rxh2 45. Ra6+ Ke7 46.
d5 Rh1 47. Ra7+ Kf6 48. d6 g4 49. d7 Ke7 50. c6 g3 51. Ra8 Rd1+ 52. Ke2 g2 53.
Re8+ Kf7 54. Kxd1 g1=Q+ 55. Ke2 Qg4+ 56. Ke3 Qg3+ 57. Ke4 Qg2+ 58. Ke5 Qe2+ 59.
Kd6 Qh2+ 60. Kc5 Qc2+ 61. Kb6 Qb2+ 62. Kc7 Qh2+ 63. Kc8 Qd6 1-0

[Event "Mondiale Lampo FIDE 2019"]
[Site "Mosca"]
[Date "29.12.2019"]
[Round "11.43"]
[White "Christiansen, Johan-Sebastian"]
[Black "Sadhwani, Raunak"]
[Result "1-0"]
[WhiteTitle "GM"]
[BlackTitle "IM"]
[WhiteElo "2597"]
[BlackElo "2507"]
[WhiteFideId "1512668"]
[BlackFideId "35093487"]
[EventDate "2019.12.29"]

1. Nf3 Nf6 2. c4 g6 3. g3 Bg7 4. Bg2 c5 5. d4 cxd4 6. Nxd4 O-O 7. O-O Nc6 8. c5
d5 9. cxd6 Nxd4 10. Qxd4 Ne8 11. Qh4 Nxd6 12. Nc3 Be6 13. Bg5 Nf5 14. Qb4 a5 15.
Qa3 h6 16. Rfd1 Qb6 17. Bf4 Qb4 18. Qxb4 axb4 19. Nd5 Bxb2 20. Rab1 Bc3 21. Nxb4
g5 22. Bd2 Bxb4 23. Bxb4 Bxa2 24. Rb2 Be6 25. Bxb7 Rab8 26. Be4 Rfd8 27. Rxd8+
Rxd8 28. Bd3 Nd6 29. Bc3 Bh3 30. f3 Bf5 31. e4 Bg6 32. Be2 g4 33. e5 Nf5 34.
fxg4 Ne3 35. Rb7 e6 36. h4 Rc8 37. Bd4 Nc2 38. Bf2 Be4 39. Rd7 Nb4 40. Be3 Nd5
41. Bxh6 Rc2 42. Kf1 Ra2 43. Bg5 Ra1+ 44. Kf2 Ra2 45. Ke1 Ra1+ 46. Kf2 Ra2 47.
Rd8+ Kh7 48. Bf6 Nxf6 49. exf6 Kg6 50. g5 Kf5 51. Ke3 Ra3+ 52. Bd3 Bxd3 53. Rxd3
Ra4 54. Rd7 Kg6 55. Rd8 Ra3+ 56. Kf2 Kf5 57. Rf8 Ra7 58. Rg8 Ra2+ 59. Kf3 Ra3+
60. Kg2 Kg4 61. g6 Rxg3+ 62. Kf2 Rf3+ 63. Ke2 fxg6 64. Rxg6+ Kh5 65. Rg5+ 1-0

[Event "Mondiale Lampo FIDE 2019"]
[Site "Mosca"]
[Date "29.12.2019"]
[Round "11.44"]
[White "Khanin, Semen"]
[Black "Adhiban, Baskaran"]
[Result "0-1"]
[WhiteTitle "IM"]
[BlackTitle "GM"]
[WhiteElo "2500"]
[BlackElo "2654"]
[WhiteFideId "4111990"]
[BlackFideId "5018471"]
[EventDate "2019.12.29"]

1. e4 c5 2. Nf3 Nc6 3. Bb5 g6 4. O-O Bg7 5. c3 Nf6 6. Re1 O-O 7. d4 a6 8. Bd3 d5
9. e5 Ne4 10. Nbd2 Nxd2 11. Bxd2 Bg4 12. Be3 cxd4 13. cxd4 f6 14. exf6 Bxf6 15.
Be2 Qb6 16. Qd2 Rad8 17. Rad1 Qb4 18. h3 Qxd2 19. Rxd2 Bxf3 20. Bxf3 e6 21. a3
Kf7 22. b4 Rc8 23. Rb1 Na7 24. Be2 Rc3 25. a4 Rfc8 26. b5 a5 27. b6 Nc6 28. Bb5
Nb4 29. Re2 Rc2 30. Rbe1 Rxe2 31. Rxe2 Ke7 32. g4 Rc3 33. Kg2 Nc2 34. Bd2 Rb3
35. Bxa5 Nxd4 36. Re3 Rxe3 37. fxe3 Nxb5 38. axb5 e5 39. Bb4+ Ke6 40. Kf3 e4+
41. Ke2 d4 42. exd4 Bxd4 43. Ba5 Kd5 44. Bd2 Bxb6 45. h4 Kc4 46. h5 Kxb5 47.
hxg6 hxg6 0-1

[Event "Mondiale Lampo FIDE 2019"]
[Site "Mosca"]
[Date "29.12.2019"]
[Round "11.45"]
[White "Xu, Yinglun"]
[Black "Petrov, Nikita"]
[Result "1/2-1/2"]
[WhiteTitle "GM"]
[BlackTitle "GM"]
[WhiteElo "2555"]
[BlackElo "2585"]
[WhiteFideId "8604940"]
[BlackFideId "4101286"]
[EventDate "2019.12.29"]

1. Nf3 d5 2. d4 Nf6 3. c4 e6 4. Nc3 c5 5. cxd5 cxd4 6. Qxd4 exd5 7. Bg5 Be7 8.
e3 Nc6 9. Qa4 O-O 10. Bb5 Bd7 11. O-O a6 12. Be2 h6 13. Bxf6 Bxf6 14. Nxd5 Bxb2
15. Rad1 Nd4 16. Qb4 Nxe2+ 17. Kh1 Nc3 18. Nxc3 Bxc3 19. Qxc3 Rc8 20. Qb2 Qc7
21. Nd4 Rfd8 22. Rc1 Qb8 23. Qb6 Rxc1 24. Rxc1 Rc8 25. Rxc8+ Qxc8 26. h3 Bc6 27.
Kh2 Bd5 1/2-1/2

[Event "Mondiale Lampo FIDE 2019"]
[Site "Mosca"]
[Date "29.12.2019"]
[Round "11.46"]
[White "Sasikiran, Krishnan"]
[Black "Murzin, Volodar"]
[Result "1-0"]
[WhiteTitle "GM"]
[BlackTitle "IM"]
[WhiteElo "2656"]
[BlackElo "2442"]
[WhiteFideId "5004985"]
[BlackFideId "44155573"]
[EventDate "2019.12.29"]

1. e4 c6 2. d4 d5 3. e5 Bf5 4. Nd2 e6 5. Nb3 Ne7 6. Nf3 Nd7 7. Be2 h6 8. O-O Bg6
9. a4 Nf5 10. c3 Be7 11. g4 Nh4 12. Nxh4 Bxh4 13. f4 Be4 14. Nd2 Bh7 15. Nf3 Be7
16. Bd3 Bxd3 17. Qxd3 Qc7 18. b4 h5 19. f5 O-O-O 20. g5 Kb8 21. f6 gxf6 22. gxf6
Rdg8+ 23. Kh1 Bf8 24. a5 Qd8 25. Bg5 h4 26. Rg1 h3 27. Rg3 Ka8 28. Rag1 Qe8 29.
Bd2 Rxg3 30. hxg3 Bh6 31. Bxh6 Rxh6 32. g4 Nf8 33. g5 Rh5 34. c4 dxc4 35. Qxc4
a6 36. Qc5 Ng6 37. Qd6 Rh8 38. Rc1 Qc8 39. b5 Rd8 40. Qc5 Rd5 41. Qa3 Rxb5 42.
Kh2 Qd7 43. Qd6 Qc8 44. Kxh3 Rd5 45. Qb4 Qd8 46. Kg3 Rxa5 47. Qd6 Qc8 48. Rh1
Rd5 49. Qa3 c5 50. Rh7 c4 51. Rxf7 c3 52. Rg7 c2 53. Qc1 Nf8 54. Rg8 Rd8 55. g6
Nxg6 56. Rxg6 Qc3 57. f7 Ka7 58. Rg8 Qc8 59. Rxd8 Qxd8 60. Qxc2 Qf8 61. Qc5+ 1-0

[Event "Mondiale Lampo FIDE 2019"]
[Site "Mosca"]
[Date "29.12.2019"]
[Round "11.47"]
[White "Perunovic, Milos"]
[Black "Frolyanov, Dmitry"]
[Result "1-0"]
[WhiteTitle "GM"]
[BlackTitle "GM"]
[WhiteElo "2589"]
[BlackElo "2556"]
[WhiteFideId "921629"]
[BlackFideId "4151976"]
[EventDate "2019.12.29"]

1. e4 c5 2. Nc3 Nc6 3. Bb5 Nd4 4. Nf3 e6 5. O-O a6 6. Bd3 Nc6 7. Re1 d6 8. Bf1
Nf6 9. d4 cxd4 10. Nxd4 Be7 11. Nxc6 bxc6 12. e5 dxe5 13. Qxd8+ Bxd8 14. Rxe5
Nd5 15. Na4 Bf6 16. Re2 Rb8 17. c4 Ne7 18. Rb1 Nf5 19. Bf4 Rb4 20. b3 O-O 21.
Rd1 g5 22. Be5 Bxe5 23. Rxe5 f6 24. Rc5 e5 25. Rxc6 Nd4 26. Rd6 Bg4 27. f3 Bc8
28. Nc3 Rb8 29. Bd3 Kg7 30. Ne2 Ne6 31. Bf5 Nc5 32. Bxc8 Rfxc8 33. Nc3 a5 34.
Nd5 a4 35. b4 Nb7 36. Rd7+ Kg6 37. Ne7+ 1-0

[Event "Mondiale Lampo FIDE 2019"]
[Site "Mosca"]
[Date "29.12.2019"]
[Round "11.48"]
[White "Grigoriants, Sergey"]
[Black "Pogosyan, Stefan"]
[Result "1-0"]
[WhiteTitle "GM"]
[BlackTitle "IM"]
[WhiteElo "2542"]
[BlackElo "2459"]
[WhiteFideId "4130804"]
[BlackFideId "34159867"]
[EventDate "2019.12.29"]

1. e4 Nc6 2. Nf3 e5 3. Bb5 a6 4. Ba4 Nf6 5. O-O b5 6. Bb3 Bc5 7. a4 Rb8 8. c3 d6
9. d4 Bb6 10. a5 Ba7 11. h3 O-O 12. Be3 h6 13. dxe5 dxe5 14. Qxd8 Rxd8 15. Bxa7
Nxa7 16. Nxe5 Rf8 17. Nd2 Bb7 18. f3 c5 19. Rfd1 Rbe8 20. Ng4 Nxg4 21. hxg4 Rd8
22. Bc2 c4 23. e5 Nc6 24. f4 g5 25. g3 Rd5 26. Ne4 Rxd1+ 27. Bxd1 Rd8 28. Nd6
Rd7 29. Kf2 f6 30. Nxb7 Rxb7 31. Bf3 Rc7 32. exf6 Kf7 33. Rd1 Nxa5 34. Rd6 Nb3
35. Bd5+ Ke8 36. f7+ Ke7 37. Re6+ 1-0

[Event "Mondiale Lampo FIDE 2019"]
[Site "Mosca"]
[Date "29.12.2019"]
[Round "11.49"]
[White "Korobov, Anton"]
[Black "Castellanos Rodriguez, Renier"]
[Result "1-0"]
[WhiteTitle "GM"]
[BlackTitle "IM"]
[WhiteElo "2668"]
[BlackElo "2474"]
[WhiteFideId "14105730"]
[BlackFideId "3404650"]
[EventDate "2019.12.29"]

1. d4 d5 2. c4 e6 3. Nc3 Nf6 4. cxd5 exd5 5. Bg5 c6 6. e3 Bd6 7. Bd3 O-O 8. h3
h6 9. Bh4 Re8 10. Nge2 a5 11. O-O Nbd7 12. Qc2 Nf8 13. Rae1 Ne6 14. Kh1 Ng5 15.
f4 Ne6 16. Ng1 Be7 17. Nf3 b5 18. Ne5 Bb7 19. Bf5 Nf8 20. g4 b4 21. Na4 Ne4 22.
Bxe7 Qxe7 23. Bxe4 dxe4 24. Nc5 f6 25. Nc4 Ba6 26. f5 Bxc4 27. Qxc4+ Kh7 28. Rf4
Qc7 29. Kg2 Nd7 30. Qf7 Rad8 31. Ne6 1-0

[Event "Mondiale Lampo FIDE 2019"]
[Site "Mosca"]
[Date "29.12.2019"]
[Round "11.50"]
[White "Laznicka, Viktor"]
[Black "Dominguez Perez, Leinier"]
[Result "1-0"]
[WhiteTitle "GM"]
[BlackTitle "GM"]
[WhiteElo "2648"]
[BlackElo "2758"]
[WhiteFideId "316385"]
[BlackFideId "3503240"]
[EventDate "2019.12.29"]

1. d4 Nf6 2. Nf3 d5 3. c4 e6 4. e3 Be7 5. b3 O-O 6. Bd3 c5 7. O-O cxd4 8. exd4
Nc6 9. Bb2 b6 10. Nc3 Bb7 11. Qe2 Nb4 12. Bb1 Rc8 13. Rd1 Qc7 14. Ne5 dxc4 15.
bxc4 Rfd8 16. d5 exd5 17. Nb5 Qb8 18. a3 Na6 19. Bf5 Rc5 20. Nd3 Re8 21. Nxc5
Bxc5 22. Qd2 Ne4 23. Bxe4 dxe4 24. Qg5 Bf8 25. Nd6 Re6 26. Nxb7 Qxb7 27. Rd8 Rg6
28. Rxf8+ 1-0

[Event "Mondiale Lampo FIDE 2019"]
[Site "Mosca"]
[Date "29.12.2019"]
[Round "11.51"]
[White "Shimanov, Aleksandr"]
[Black "Carlsson, Pontus"]
[Result "1-0"]
[WhiteTitle "GM"]
[BlackTitle "GM"]
[WhiteElo "2587"]
[BlackElo "2456"]
[WhiteFideId "4198603"]
[BlackFideId "1705814"]
[EventDate "2019.12.29"]

1. Nf3 Nf6 2. c4 c6 3. Nc3 d5 4. e3 a6 5. h3 e6 6. b3 Nbd7 7. Bb2 b5 8. Be2 Bb7
9. O-O Be7 10. d4 bxc4 11. bxc4 dxc4 12. e4 c5 13. d5 exd5 14. e5 O-O 15. exf6
Nxf6 16. Nb1 Rb8 17. Na3 Ba8 18. Be5 Rb6 19. Rb1 Ne4 20. Qc2 Re6 21. Ba1 Qc8 22.
Kh1 Rh6 23. Nh2 f5 24. Kg1 Bd6 25. Nf3 Qc7 26. Rbd1 Qe7 27. Nxc4 dxc4 28. Bxc4+
Kh8 29. Bd5 Bxd5 30. Rxd5 Re6 31. Rfd1 h6 32. Qd3 Kh7 33. Kf1 Qb7 34. Rb1 Qc6
35. Qc4 Be7 36. Ne5 Qc8 37. Rbd1 Rb6 38. Nd7 Rb4 39. Nxf8+ Bxf8 40. Qc2 Qe6 41.
Re5 Qg6 42. a3 Rb6 43. Qc4 Bd6 44. Re6 Qg5 45. Qd5 Qf4 46. f3 Ng3+ 1-0

[Event "Mondiale Lampo FIDE 2019"]
[Site "Mosca"]
[Date "29.12.2019"]
[Round "11.52"]
[White "Ivanisevic, Ivan"]
[Black "Can, Emre"]
[Result "1-0"]
[WhiteTitle "GM"]
[BlackTitle "GM"]
[WhiteElo "2593"]
[BlackElo "2600"]
[WhiteFideId "912417"]
[BlackFideId "6302181"]
[EventDate "2019.12.29"]

1. c4 g6 2. Nc3 Bg7 3. d4 c5 4. d5 Bxc3+ 5. bxc3 f5 6. h4 Nf6 7. h5 Rg8 8. hxg6
hxg6 9. Qa4 Qb6 10. Nf3 Qa6 11. Qxa6 Nxa6 12. Ng5 d6 13. g3 Nc7 14. Rh6 Bd7 15.
f3 e6 16. dxe6 Nxe6 17. Nxe6 Bxe6 18. Bg5 Kf7 19. O-O-O Rh8 20. Rh4 Rxh4 21.
gxh4 Rd8 22. e3 d5 23. e4 fxe4 24. fxe4 Bg4 25. Rd2 Re8 26. Rf2 Re6 27. cxd5
Rxe4 28. Rxf6+ Kg7 29. Bb5 a6 30. Bd3 Re1+ 31. Kd2 1-0

[Event "Mondiale Lampo FIDE 2019"]
[Site "Mosca"]
[Date "29.12.2019"]
[Round "11.53"]
[White "Bartel, Mateusz"]
[Black "Afanasiev, Nikita"]
[Result "1-0"]
[WhiteTitle "GM"]
[BlackTitle "IM"]
[WhiteElo "2634"]
[BlackElo "2517"]
[WhiteFideId "1112635"]
[BlackFideId "24183555"]
[EventDate "2019.12.29"]

1. e4 g6 2. d4 Bg7 3. Nc3 d6 4. Be3 a6 5. h4 h6 6. Qd2 Nd7 7. Nge2 b5 8. g4 Bb7
9. f3 c5 10. dxc5 dxc5 11. O-O-O Ne5 12. Qxd8+ Rxd8 13. Rxd8+ Kxd8 14. Bg2 Nd7
15. Rd1 Kc8 16. Nd5 e6 17. Ndf4 c4 18. a4 Ne7 19. axb5 axb5 20. Nd4 e5 21. Nxb5
exf4 22. Bxf4 Be5 23. Be3 g5 24. hxg5 hxg5 25. Bf1 Rh1 26. Bxg5 Ng6 27. c3 Nb6
28. Rd8# 1-0

[Event "Mondiale Lampo FIDE 2019"]
[Site "Mosca"]
[Date "29.12.2019"]
[Round "11.54"]
[White "Salgado Lopez, Ivan"]
[Black "Potapov, Pavel"]
[Result "1/2-1/2"]
[WhiteTitle "GM"]
[BlackTitle "GM"]
[WhiteElo "2605"]
[BlackElo "2482"]
[WhiteFideId "2257327"]
[BlackFideId "4169786"]
[EventDate "2019.12.29"]

1. e4 c5 2. Nc3 Nc6 3. g3 g6 4. Bg2 Bg7 5. d3 Rb8 6. Nge2 d6 7. O-O b5 8. a3 a5
9. a4 b4 10. Nb5 h5 11. h4 Nf6 12. c4 O-O 13. Rb1 e5 14. b3 Be6 15. Bg5 Qd7 16.
Qd2 Ne8 17. Bh6 f6 18. Bxg7 Qxg7 19. f4 Rb7 20. f5 Bc8 21. fxg6 Qxg6 22. Kh2 Rg7
23. Qe3 Bg4 24. Bf3 Nd4 25. Bxg4 Qxg4 26. Nexd4 cxd4 27. Qf3 f5 28. Qxg4 fxg4
29. Rxf8+ Kxf8 30. Rf1+ Ke7 31. Rf5 Rh7 32. Rg5 Ke6 33. Rg8 Kf7 34. Rg5 Ke6 35.
Kg2 Rf7 36. Rxh5 Rf3 37. Rh6+ Nf6 38. h5 Rxd3 39. Nxd6 Rd2+ 40. Kg1 Rd1+ 41. Kf2
Kxd6 42. Rxf6+ Ke7 43. Rf5 Ke6 44. c5 Rh1 45. c6 Kd6 46. Ke2 Rh2+ 47. Kd3 Rh3
48. Kc4 Rxg3 49. h6 Rh3 50. Rf6+ Ke7 51. Rg6 Kf7 52. Rxg4 Rxh6 53. Kd5 Ke7 54.
Rg7+ Kd8 55. c7+ Kc8 56. Kxe5 d3 57. Rg3 Rc6 58. Rxd3 Rc3 59. Kd4 Rxc7 60. e5
Kd7 61. Kd5 Ke7 62. Rh3 Rc3 63. Rh7+ Ke8 64. Ra7 Rxb3 65. Ke6 Kf8 66. Rxa5 Rc3
67. Rb5 b3 68. a5 Rc6+ 69. Kd7 Ra6 70. e6 Ra7+ 71. Kd6 Ra6+ 72. Rb6 Rxb6+ 73.
axb6 b2 74. Kd7 b1=Q 75. e7+ Kg7 76. e8=Q Qxb6 1/2-1/2

[Event "Mondiale Lampo FIDE 2019"]
[Site "Mosca"]
[Date "29.12.2019"]
[Round "11.55"]
[White "Ganguly, Surya Shekhar"]
[Black "Guseinov, Gadir"]
[Result "1-0"]
[WhiteTitle "GM"]
[BlackTitle "GM"]
[WhiteElo "2633"]
[BlackElo "2666"]
[WhiteFideId "5002150"]
[BlackFideId "13401378"]
[EventDate "2019.12.29"]

1. c4 g6 2. Nc3 Bg7 3. d4 d6 4. e4 Nf6 5. Be2 O-O 6. Be3 Nc6 7. d5 Ne5 8. h3 c6
9. Nf3 Nxf3+ 10. Bxf3 Nd7 11. Be2 Qa5 12. Bd4 Bh6 13. f3 c5 14. Bf2 b5 15. cxb5
a6 16. O-O axb5 17. Bxb5 Nb6 18. a4 Ba6 19. Qe2 Bxb5 20. Qxb5 Bg7 21. Rfb1 Rfb8
22. Ra3 Qb4 23. Rb3 Qxb5 24. Rxb5 Nc4 25. Be1 Rc8 26. Rb7 Kf8 27. b3 Na5 28. Rb6
c4 29. b4 Bd4+ 30. Bf2 Bxc3 31. bxa5 Bxa5 32. Rc6 Rxc6 33. dxc6 c3 34. Rb5 c2
35. Be3 Bc3 36. c7 Kg7 37. Rb8 Rxa4 38. c8=Q 1-0

[Event "Mondiale Lampo FIDE 2019"]
[Site "Mosca"]
[Date "29.12.2019"]
[Round "11.56"]
[White "Sethuraman, S.P."]
[Black "Guliyev, Namig"]
[Result "1-0"]
[WhiteTitle "GM"]
[BlackTitle "GM"]
[WhiteElo "2638"]
[BlackElo "2548"]
[WhiteFideId "5021596"]
[BlackFideId "13400363"]
[EventDate "2019.12.29"]

1. e4 e5 2. Nf3 Nf6 3. Nxe5 d6 4. Nf3 Nxe4 5. Nc3 Nf6 6. d4 Be7 7. Bg5 O-O 8.
Qd2 c6 9. O-O-O b5 10. Bd3 Nbd7 11. Kb1 Re8 12. h4 Nb6 13. Rhe1 Be6 14. Ne2 Nc4
15. Qc1 Qa5 16. b3 Nd5 17. c3 Rab8 18. Ka1 f6 19. Bf4 Na3 20. Bd2 b4 21. c4 Nc7
22. Ng3 Bf8 23. h5 d5 24. cxd5 Bxd5 25. h6 g6 26. Ne4 Be7 27. Bf4 Rb7 28. Bxc7
Rxc7 29. Nxf6+ Bxf6 30. Rxe8+ Kf7 31. Rde1 Bxf3 32. Qf4 g5 33. Rf8+ Kxf8 34.
Qxf6+ 1-0

[Event "Mondiale Lampo FIDE 2019"]
[Site "Mosca"]
[Date "29.12.2019"]
[Round "11.57"]
[White "Esipenko, Andrey"]
[Black "Suleymanli, Aydin"]
[Result "1-0"]
[WhiteTitle "GM"]
[BlackTitle "IM"]
[WhiteElo "2642"]
[BlackElo "2473"]
[WhiteFideId "24175439"]
[BlackFideId "13413937"]
[EventDate "2019.12.29"]

1. d4 d5 2. c4 e6 3. Nf3 Be7 4. g3 Nf6 5. Bg2 O-O 6. O-O b6 7. cxd5 exd5 8. Nc3
Bb7 9. Bf4 c6 10. Rc1 Na6 11. Ne5 Nc7 12. Qa4 b5 13. Qd1 Ne6 14. Be3 Bd6 15. Nf3
Ng4 16. Bd2 f5 17. e3 Rc8 18. Ne2 Re8 19. a3 a5 20. Qb3 a4 21. Qd1 Nf8 22. Nf4
Nf6 23. Nd3 N8d7 24. Bb4 Qe7 25. Bxd6 Qxd6 26. Nfe5 Nf8 27. Nc5 Ba8 28. Qc2 Ne4
29. Ncd3 Bb7 30. Bh3 g6 31. Bg2 Ne6 32. f3 Nf6 33. Nc5 Nxc5 34. Qxc5 Qxc5 35.
Rxc5 Re7 36. Rfc1 Re6 37. Bf1 Rce8 38. Nxc6 Rxe3 39. Ne5 Rb3 40. Bxb5 Rf8 41.
R1c2 f4 42. g4 Ne4 1-0

[Event "Mondiale Lampo FIDE 2019"]
[Site "Mosca"]
[Date "29.12.2019"]
[Round "11.58"]
[White "Santos Ruiz, Miguel"]
[Black "Khusnutdinov, Rustam"]
[Result "1/2-1/2"]
[WhiteTitle "GM"]
[BlackTitle "GM"]
[WhiteElo "2585"]
[BlackElo "2491"]
[WhiteFideId "22291482"]
[BlackFideId "13701703"]
[EventDate "2019.12.29"]

1. e4 e6 2. d4 d5 3. Nd2 Nc6 4. Ngf3 Nf6 5. e5 Nd7 6. Nb3 Be7 7. Be2 O-O 8. O-O
f6 9. exf6 Bxf6 10. c4 Nb6 11. c5 Nd7 12. Bf4 e5 13. dxe5 Ndxe5 14. Qc2 Nxf3+
15. Bxf3 Ne5 16. Be2 c6 17. Rfe1 Bd7 18. Bf1 Re8 19. Re3 Ng6 20. Rxe8+ Bxe8 21.
Bg3 Ne7 22. Bd3 Bg6 23. Re1 Qd7 24. Be5 Bxe5 25. Rxe5 Bxd3 26. Qxd3 Ng6 27. Re3
Re8 28. g3 Re5 29. Nd4 Qe7 30. Rxe5 Qxe5 31. Kg2 Nf8 32. b4 Ne6 33. Nf3 Qf6 34.
h4 g6 35. Qe3 Qf5 36. Ne5 Kg7 37. a3 Kf6 38. Nd3 Qe4+ 39. Kf1 Qxe3 40. fxe3 Kf5
41. Kf2 d4 42. Kf3 dxe3 43. g4+ Kf6 44. Kxe3 Nc7 45. Kd4 Nd5 46. b5 Nc7 47. bxc6
bxc6 48. Nb4 Nb5+ 49. Ke4 Nxa3 50. Nxc6 a6 51. Nb8 a5 52. c6 Nb5 53. Kd5 a4 54.
Kc4 a3 55. Kxb5 a2 56. c7 a1=Q 57. c8=Q Qb2+ 58. Kc6 Qg2+ 59. Kc7 Qg3+ 60. Kb7
Qb3+ 61. Kc7 Qg3+ 62. Kd8 Qxh4 63. Nd7+ Kg7+ 64. Ke8 Qe1+ 65. Kd8 Qh4+ 66. Ke8
Qe1+ 67. Kd8 Qh4+ 1/2-1/2

[Event "Mondiale Lampo FIDE 2019"]
[Site "Mosca"]
[Date "29.12.2019"]
[Round "11.60"]
[White "Zarnicki, Pablo"]
[Black "Andriasian, Zaven"]
[Result "0-1"]
[WhiteTitle "GM"]
[BlackTitle "GM"]
[WhiteElo "2514"]
[BlackElo "2611"]
[WhiteFideId "100137"]
[BlackFideId "13302000"]
[EventDate "2019.12.29"]

1. e4 c5 2. Nf3 d6 3. Bb5+ Nc6 4. O-O Bd7 5. Re1 Nf6 6. c3 a6 7. Bxc6 Bxc6 8. d4
Bxe4 9. Bg5 d5 10. Nbd2 Bxf3 11. Qxf3 cxd4 12. c4 e6 13. Bxf6 Qxf6 14. Qxd5 Qe7
15. Qxd4 Rd8 16. Qe3 Qc5 17. Qe2 Be7 18. a3 O-O 19. b4 Qd4 20. Nf3 Qc3 21. c5
Bf6 22. Ra2 Rd5 23. Qc2 a5 24. h3 axb4 25. axb4 Qxb4 26. Rb1 Qxc5 27. Qxc5 Rxc5
28. Rxb7 g6 29. g4 Kg7 30. Kg2 h5 31. Raa7 hxg4 32. hxg4 g5 33. Nd2 Re5 34. Kf3
Kg6 35. Ne4 Rd5 36. Nxf6 Kxf6 37. Kg3 Rd4 38. f3 Rf4 39. Rc7 Kg6 40. Re7 Rb8 41.
Reb7 Rc8 42. Rc7 Rd8 43. Rd7 Rh8 44. Rd1 Rb8 45. Rd3 Rb1 46. Ra2 Rc4 47. Rdd2
Rc3 48. Rab2 Rbc1 49. Rf2 Rg1+ 50. Rg2 Rd1 51. Rgd2 Rdc1 52. Ra2 Rc6 53. Rab2
R1c3 54. Ra2 e5 55. Ra5 Rf6 56. Rxe5 Rfxf3+ 57. Kh2 Rh3+ 58. Kg1 Rc4 59. Kg2 Rh4
60. Rd6+ f6 61. Re8 Rhxg4+ 62. Kf3 Rgf4+ 63. Ke3 Rc3+ 64. Kd2 Rc5 65. Rd7 Kf5
66. Rg8 Kg4 67. Ke3 Re5+ 68. Kd2 f5 69. Rdg7 Rf2+ 70. Kd3 f4 71. Kd4 Rfe2 72.
Kd3 R2e3+ 73. Kd4 Rf5 74. Rh7 Re1 75. Kd3 f3 0-1

[Event "Mondiale Lampo FIDE 2019"]
[Site "Mosca"]
[Date "29.12.2019"]
[Round "11.61"]
[White "Narayanan, Srinath"]
[Black "Meier, Georg"]
[Result "0-1"]
[WhiteTitle "GM"]
[BlackTitle "GM"]
[WhiteElo "2529"]
[BlackElo "2626"]
[WhiteFideId "5018420"]
[BlackFideId "4675789"]
[EventDate "2019.12.29"]

1. e4 e6 2. d4 d5 3. Nd2 dxe4 4. Nxe4 Nd7 5. Nf3 Ngf6 6. Nxf6+ Nxf6 7. c3 Be7 8.
Be2 O-O 9. O-O c5 10. Bf4 b6 11. dxc5 Bxc5 12. Qa4 Bb7 13. Rad1 Qc8 14. Ne5 a6
15. Bg5 Ne4 16. Bh4 b5 17. Qc2 Bd6 18. Nf3 Qc7 19. Bd3 f5 20. Bg3 Bxg3 21. hxg3
Rad8 22. a4 bxa4 23. Qxa4 Nc5 24. Qc2 Nxd3 25. Rxd3 Be4 26. Rfd1 Rxd3 27. Rxd3
Qc4 28. Ne5 Bxd3 29. Nxd3 Qe4 30. f3 Qe3+ 31. Nf2 Rd8 32. Qa4 h6 0-1

[Event "Mondiale Lampo FIDE 2019"]
[Site "Mosca"]
[Date "29.12.2019"]
[Round "11.62"]
[White "Sjugirov, Sanan"]
[Black "Xu, Xiangyu"]
[Result "1/2-1/2"]
[WhiteTitle "GM"]
[BlackTitle "GM"]
[WhiteElo "2665"]
[BlackElo "2582"]
[WhiteFideId "4189302"]
[BlackFideId "8608288"]
[EventDate "2019.12.29"]

1. e4 e5 2. Nf3 Nf6 3. Nxe5 d6 4. Nf3 Nxe4 5. Nc3 Nxc3 6. dxc3 Nc6 7. Be3 Bf5 8.
Qd2 Be7 9. O-O-O Qd7 10. h3 O-O 11. Bc4 Be6 12. Bd5 Bxd5 13. Qxd5 Qe6 14. c4 Nb4
15. Qxe6 fxe6 16. a3 Nc6 17. Rhe1 Rae8 18. b4 a6 19. Kb2 Bf6+ 20. Kb3 a5 21. c3
Ra8 22. Re2 h6 23. Bd2 Kf7 24. Rde1 Rfe8 25. Bc1 Ra7 26. g4 g5 27. h4 gxh4 28.
Bxh6 h3 29. Rh1 Rg8 30. g5 Bh8 31. Rxh3 axb4 32. axb4 Rga8 33. g6+ Kxg6 34.
Rxe6+ Kf5 35. Re3 Ra3+ 36. Kc2 Ra2+ 37. Kd1 Ra1+ 38. Ke2 R8a2+ 39. Nd2 Ne5 40.
Rh4 Bf6 41. Rf4+ Ke6 42. Rfe4 Kd7 43. Rf4 Be7 44. Rh3 Rc2 45. Re4 Bf6 46. Bf4 b6
47. c5 bxc5 48. bxc5 Ng6 49. Be3 Bxc3 50. cxd6 Bxd2 51. Bxd2 cxd6 52. Rd4 Ne5
53. Rh7+ Kc6 54. Rh6 Nc4 55. Rh3 Raa2 56. Rhd3 Rxd2+ 1/2-1/2

[Event "Mondiale Lampo FIDE 2019"]
[Site "Mosca"]
[Date "29.12.2019"]
[Round "11.63"]
[White "Melkumyan, Hrant"]
[Black "Harsha, Bharathakoti"]
[Result "1-0"]
[WhiteTitle "GM"]
[BlackTitle "GM"]
[WhiteElo "2668"]
[BlackElo "2523"]
[WhiteFideId "13302485"]
[BlackFideId "5078776"]
[EventDate "2019.12.29"]

1. d4 d6 2. Nf3 Nf6 3. c4 g6 4. Nc3 Bg7 5. e4 O-O 6. Be2 e5 7. O-O Nc6 8. d5 Ne7
9. b4 Nh5 10. Re1 Nf4 11. Bf1 h6 12. c5 f5 13. Bxf4 exf4 14. e5 g5 15. cxd6 cxd6
16. exd6 Qxd6 17. Nb5 Qd8 18. d6 Ng6 19. Rc1 Bd7 20. Nc7 Rc8 21. Ne6 Bxe6 22.
Rxe6 Rxc1 23. Qxc1 Kh7 24. Qc7 g4 25. Nd2 Qxc7 26. dxc7 Be5 27. Bb5 Bxc7 28. Be8
Ne5 29. Re7+ Kg8 30. Ba4 Rf7 31. Re6 Kg7 32. Nb3 Rf6 33. Nd4 Bb6 34. Re7+ Kg6
35. Be8+ Kg5 36. Ne6+ Rxe6 37. Rxe6 Bd4 38. Kf1 f3 39. g3 h5 40. a4 h4 41. a5
hxg3 42. hxg3 f4 43. gxf4+ Kxf4 44. Re7 b5 45. Bxb5 g3 46. fxg3+ Kxg3 47. Re8
Ng4 48. Rg8 Kf4 49. Rf8+ Kg3 50. Ke1 Bc3+ 51. Kd1 Bxb4 52. Rg8 Bxa5 53. Bd7 f2
54. Ke2 1-0